| 000 | 00783cam a2200241 a 4500 | ||
|---|---|---|---|
| 001 | u327 | ||
| 003 | SIRSI | ||
| 005 | 20250821132643.0 | ||
| 008 | 960326s1989 ua b 000 0 ara d | ||
| 039 | 9 |
_a200304021230 _bnadia |
|
| 040 | _aEAL. | ||
| 041 | _aara | ||
| 050 |
_aHF1359 _bH38 1989 |
||
| 100 | 1 |
_aحاتم، سامى عفيفى. _936980 |
|
| 245 | 1 | 0 |
_aدراسات فى الإقتصاد الدولى / _cسامى عفيفى حاتم. |
| 250 | _aط 3. | ||
| 260 |
_aالقاهرة : _bالدار المصرية اللبنانية، _cح 1989. |
||
| 300 |
_a270 ص ؛ _c24 سم. |
||
| 504 | _aيحتوى على قائمة ببليوجرافية بالمراجع (ص251-270) | ||
| 650 | 0 |
_aالاقتصاد الدولي. _936981 |
|
| 910 | _ahsm03/96 | ||
| 942 |
_cBK _2lcc |
||
| 999 |
_c29395 _d29395 |
||